000 01498nam0a22003851 4500
001 RU\NLR\A1SV\53513
005 20251203171251.9
035 _a(NLR Aleph) 009735478
090 _a9924578
_c9924578
100 _a20050713d1918 u y0rusy50 ca
101 0 _arus
102 _aRU
200 1 _aЭкономичность теплосиловых установок с использованием побочных продуктов
_fПроф. Г.Клингенберг
_g[Предисл.: пред. Теплового ком. К.В.Кирш; вступ. ст.: проф. К.Блахер, А.Шахно]
210 _aМ.
_cТип. К.А.Якобсон
_d1918
215 _a[2], 22 с. с.
_cчерт.
_d34 см
225 _a[Издания]
_fТепловой ком. при Политехн. о-ве
_v№ 11
300 _aБез тит. л.
320 _aБиблиогр.: с.22
620 _dМосква
700 1 _aКлингенберг
_bГ.Э.
_f1870-1925
_gГеорг Эрнст
702 1 _aБлахер
_bК.К.
_f1867-1929
_gКарл Карлович
702 1 _aШахно
_bА.П.
_f1876-
_gАлександр Павлович
702 1 _aКирш
_bК.В.
_f1877-1919
_gКарл Васильевич
801 0 _aRU
_bNLR
_c20050713
899 _aРНБ
_j17.145.1.7
899 _aРГБ
899 _aБАН
899 _aБАН
899 _aРКП
899 _aНБ Бел.
942 _cBOOK
980 _aNB
980 _aA1SV
980 _aA1SV